[Event "Witney op-A 10th"]
[Site "Witney"]
[Date "2023.11.04"]
[Round "1"]
[White "Acharya, Kandara"]
[Black "Turner, Lewis A"]
[Result "1-0"]
[WhiteElo "1777"]
[BlackElo "2060"]
[PlyCount "77"]
[EventDate "2023.11.04"]
[EventType "swiss"]
[EventRounds "5"]
[EventCountry "ENG"]
[SourceTitle "CB46_2023"]
[SourceDate "2023.11.15"]
[SourceVersion "1"]
[SourceVersionDate "2023.11.15"]
[SourceQuality "1"]

1. c4 Nf6 2. Nf3 g6 3. g3 Bg7 4. Bg2 0-0 5. 0-0 d6 6. d4 c5 7. Nc3 Nc6 8. d5 Na5 9. Qd3 a6 10. e4 Rb8 11. Rb1 b5 12. b3 b4 13. Ne2 Nxe4 14. Nh4 Nf6 15. f4 Ng4 16. Bb2 f5 17. Bxg7 Kxg7 18. h3 Nf6 19. Rbd1 Nb7 20. Rfe1 Qc7 21. Nc1 Nd8 22. Re3 Re8 23. Qe2 Kf8 24. Nd3 Nf7 25. Bf3 Ne4 26. Bxe4 fxe4 27. Rxe4 a5 28. g4 a4 29. Qf1 Kg8 30. f5 g5 31. Nf3 axb3 32. axb3 Bb7 33. Qe1 Qd7 34. h4 h5 35. Re6 hxg4 36. Nxg5 Nxg5 37. hxg5 Rf8 38. Qh4 Bc8 39. Ra1 1-0

[Event "BCF-chT4 2223 (4NCL)"]
[Site "England"]
[Date "2023.04.29"]
[Round "10.45"]
[White "Acharya, Kandara"]
[Black "Moss, Stephen"]
[Result "1/2-1/2"]
[WhiteElo "1558"]
[BlackElo "1672"]
[PlyCount "74"]
[EventDate "2022.11.05"]
[EventType "team-swiss"]
[EventRounds "11"]
[EventCountry "ENG"]
[SourceTitle "EXT 2024"]
[Source "ChessBase"]
[SourceDate "2023.10.10"]
[SourceVersion "1"]
[SourceVersionDate "2023.10.10"]
[SourceQuality "1"]
[WhiteTeam "She Plays To Win Lionesses"]
[BlackTeam "Kingston II"]
[WhiteTeamCountry "ENG"]
[BlackTeamCountry "ENG"]

1. c4 b6 2. Nf3 Bb7 3. g3 c5 4. Bg2 Nf6 5. 0-0 e6 6. Nc3 d5 7. cxd5 exd5 8. d4 Be7 9. Bf4 Bd6 10. dxc5 Bxf4 11. Qa4+ Bc6 12. Qxf4 bxc5 13. Ne5 0-0 14. Rad1 Qb6 15. Nxc6 Nxc6 16. Nxd5 Nxd5 17. Bxd5 Rac8 18. Bxc6 Rxc6 19. b3 Rd8 20. Rd2 Rxd2 21. Qxd2 Rd6 22. Qe3 Re6 23. Qf3 Qd8 24. Rc1 Re5 25. Kg2 g6 26. Qb7 Rxe2 27. Qxa7 Rxf2+ 28. Kxf2 Qd2+ 29. Kf3 Qxc1 30. Qb8+ Kg7 31. a4 Qf1+ 32. Ke4 Qg2+ 33. Kd3 Qf1+ 34. Kd2 Qf2+ 35. Kd3 Qd4+ 36. Kc2 Qf2+ 37. Kd3 Qd4+ 1/2-1/2

[Event "Daventry 4NCL Easter op-B 3rd"]
[Site "Daventry"]
[Date "2023.04.07"]
[Round "1"]
[White "Acharya, Kandara"]
[Black "Tart, Peter K"]
[Result "0-1"]
[WhiteElo "1558"]
[BlackElo "1856"]
[PlyCount "100"]
[EventDate "2023.04.07"]
[EventType "swiss"]
[EventRounds "7"]
[EventCountry "ENG"]
[SourceTitle "EXT 2024"]
[Source "ChessBase"]
[SourceDate "2023.10.10"]
[SourceVersion "1"]
[SourceVersionDate "2023.10.10"]
[SourceQuality "1"]

1. c4 f5 2. Nf3 Nf6 3. Nc3 e6 4. d4 Bb4 5. a3 Bxc3+ 6. bxc3 0-0 7. Bf4 d6 8. e3 Qe8 9. Bd3 Nc6 10. 0-0 e5 11. d5 Na5 12. Re1 e4 13. Nd4 exd3 14. Qxd3 Qe4 15. Qe2 b6 16. f3 Qe8 17. Nb5 Rf7 18. Bxd6 cxd6 19. Nxd6 Qa4 20. Nxf7 Kxf7 21. e4 Qxc4 22. Qxc4 Nxc4 23. Rad1 fxe4 24. fxe4 Bg4 25. Rd4 Ne5 26. Rf1 Rc8 27. h3 Bd7 28. Rc1 Rc4 29. Rxc4 Nxc4 30. Re1 Ne5 31. Kh2 Bb5 32. Kg3 g5 33. h4 gxh4+ 34. Kxh4 Bd3 35. Kg5 Bxe4 36. Rxe4 Nxe4+ 37. Kf5 Nxc3 38. Kxe5 Ke7 39. g3 a5 40. g4 Nb5 41. g5 Nxa3 42. d6+ Kd7 43. Kf6 Nc4 44. Kg7 Nxd6 45. Kxh7 Ke7 46. g6 Nf5 47. Kg8 Kf6 48. Kh7 a4 49. Kg8 a3 50. Kh7 a2 0-1

[Event "London Classic op U1825 11th"]
[Site "London"]
[Date "2019.11.30"]
[Round "2"]
[White "Acharya, Kandara"]
[Black "El Bachir, Yacine"]
[Result "1-0"]
[WhiteElo "1413"]
[BlackElo "1283"]
[PlyCount "125"]
[EventDate "2019.11.29"]
[EventType "swiss"]
[EventRounds "5"]
[EventCountry "ENG"]
[SourceTitle "CBM 195 Extra"]
[Source "ChessBase"]
[SourceDate "2020.05.31"]
[SourceVersion "1"]
[SourceVersionDate "2020.05.31"]
[SourceQuality "1"]

1. c4 g6 2. g3 Bg7 3. Bg2 c5 4. Nf3 e6 5. 0-0 Ne7 6. Nc3 Nbc6 7. e3 d5 8. cxd5 exd5 9. d4 cxd4 10. Nxd4 Be6 11. Nxc6 bxc6 12. Bd2 Rb8 13. b3 Qa5 14. Na4 Qc7 15. Rc1 0-0 16. Nc5 Bf5 17. Na6 Qd6 18. Nxb8 Bb2 19. Rxc6 Nxc6 20. Nxc6 Qxc6 21. Bb4 Rd8 22. e4 Be6 23. Qd2 Bf6 24. exd5 Bxd5 25. Bxd5 Rxd5 26. Rc1 Qd7 27. Qc2 Kg7 28. Bc3 Qd6 29. Bxf6+ Qxf6 30. Qc3 Rd1+ 31. Kg2 Qxc3 32. Rxc3 Rd2 33. a4 Rb2 34. Rc7 a6 35. Rb7 Kf6 36. b4 Ra2 37. Rb6+ Ke7 38. Rxa6 Kd7 39. a5 Kc7 40. Ra7+ Kc6 41. Rxf7 Kb5 42. Rb7+ Ka6 43. Rb6+ Ka7 44. h4 Ra4 45. Kf3 Ra3+ 46. Ke4 Ra2 47. f3 Re2+ 48. Kf4 Re7 49. Kg5 Re5+ 50. Kg4 Rf5 51. f4 Rd5 52. Kf3 Rd3+ 53. Kf2 Rd2+ 54. Ke3 Rb2 55. g4 Rh2 56. f5 Rxh4 57. f6 Rh3+ 58. Kf4 h6 59. f7 Rh1 60. Ke5 Rf1 61. Rf6 Re1+ 62. Kd5 Rd1+ 63. Kc5 1-0

[Event "GBR-ch U12 106th"]
[Site "Torquay"]
[Date "2019.08.01"]
[Round "5"]
[White "Srikanta Prasad, Suyash"]
[Black "Acharya, Kandara"]
[Result "1/2-1/2"]
[WhiteElo "1185"]
[BlackElo "1375"]
[PlyCount "78"]
[EventDate "2019.07.28"]
[EventType "swiss"]
[EventRounds "7"]
[EventCountry "ENG"]
[SourceTitle "EXT 2020"]
[Source "ChessBase"]
[SourceDate "2019.10.17"]
[SourceVersion "1"]
[SourceVersionDate "2019.10.17"]
[SourceQuality "1"]

1. e4 c5 2. c3 g6 3. d4 cxd4 4. cxd4 d5 5. Nc3 dxe4 6. Nxe4 Bg7 7. Be3 Nf6 8. Bd3 0-0 9. Nf3 Nc6 10. Nxf6+ Bxf6 11. Be4 Qd6 12. 0-0 Bg4 13. d5 Ne5 14. Bf4 Nxf3+ 15. Bxf3 Bxf3 16. Qxf3 Be5 17. Bxe5 Qxe5 18. Qb3 b6 19. Rfe1 Qd6 20. g3 Rfd8 21. Rad1 Rd7 22. a3 Rad8 23. Qa2 Qc7 24. Qb3 Rd6 25. Qe3 R8d7 26. Rc1 Qb7 27. Rcd1 Rxd5 28. Rxd5 Qxd5 29. Qc3 e6 30. Rc1 Qd4 31. Qc8+ Kg7 32. Rc7 Rxc7 33. Qxc7 Qxb2 34. Qxa7 Qb1+ 35. Kg2 Qe4+ 36. Kg1 Qe1+ 37. Kg2 Qa5 38. Qc7 Qd5+ 39. Kg1 Qd1+ 1/2-1/2

[Event "GBR-ch U12 106th"]
[Site "Torquay"]
[Date "2019.07.29"]
[Round "2"]
[White "Acharya, Kandara"]
[Black "Hussain, Myla"]
[Result "1-0"]
[WhiteElo "1375"]
[BlackElo "1084"]
[PlyCount "85"]
[EventDate "2019.07.28"]
[EventType "swiss"]
[EventRounds "7"]
[EventCountry "ENG"]
[SourceTitle "EXT 2020"]
[Source "ChessBase"]
[SourceDate "2019.10.17"]
[SourceVersion "1"]
[SourceVersionDate "2019.10.17"]
[SourceQuality "1"]

1. c4 e6 2. Nf3 d5 3. g3 Nf6 4. Bg2 c5 5. cxd5 exd5 6. d4 Nc6 7. 0-0 Be7 8. dxc5 Bxc5 9. Bg5 0-0 10. Nc3 d4 11. Bxf6 Qxf6 12. Ne4 Qf5 13. Nxc5 Qxc5 14. Rc1 Qb6 15. Qb3 Qxb3 16. axb3 Be6 17. b4 Nxb4 18. Nxd4 Bd5 19. Rc7 Bxg2 20. Kxg2 Rfd8 21. e3 b6 22. Nc6 Na6 23. Rxa7 Rxa7 24. Nxa7 Rd2 25. Rc1 g6 26. Rc6 Rxb2 27. Nc8 Nc5 28. Rxb6 Rxb6 29. Nxb6 Kg7 30. f3 f5 31. Nd5 h5 32. h4 Ne6 33. e4 fxe4 34. fxe4 g5 35. hxg5 Nxg5 36. e5 Ne6 37. Nf4 Nxf4+ 38. gxf4 Kf7 39. Kg3 Ke6 40. Kh4 Kf5 41. Kxh5 Ke6 42. Kg6 Ke7 43. f5 1-0

[Event "BCF-ch U12"]
[Site "Hull"]
[Date "2018.08.01"]
[Round "4"]
[White "Cox, Lucian"]
[Black "Acharya, Kandara"]
[Result "1-0"]
[WhiteElo "1375"]
[BlackElo "1452"]
[PlyCount "35"]
[EventDate "2018.07.29"]
[EventType "swiss"]
[EventRounds "7"]
[EventCountry "ENG"]
[SourceTitle "CBM 186 Extra"]
[Source "ChessBase"]
[SourceDate "2018.08.24"]
[SourceVersion "1"]
[SourceVersionDate "2018.08.24"]
[SourceQuality "1"]

1. e4 c5 2. d4 cxd4 3. c3 dxc3 4. Nxc3 g6 5. Bc4 Bg7 6. Qb3 e6 7. Nf3 Nc6 8. 0-0 Nf6 9. Bg5 Qb6 10. Nb5 0-0 11. Be3 Qd8 12. e5 Ng4 13. Bc5 Ngxe5 14. Nxe5 Bxe5 15. Bxf8 Kxf8 16. Rad1 Kg7 17. Nd6 Qc7 18. Ne8+ 1-0

[Event "BCF-ch U12"]
[Site "Hull"]
[Date "2018.07.31"]
[Round "3"]
[White "Acharya, Kandara"]
[Black "Pettit, Felicity Ol"]
[Result "0-1"]
[WhiteElo "1452"]
[BlackElo "1375"]
[PlyCount "96"]
[EventDate "2018.07.29"]
[EventType "swiss"]
[EventRounds "7"]
[EventCountry "ENG"]
[SourceTitle "CBM 186 Extra"]
[Source "ChessBase"]
[SourceDate "2018.08.24"]
[SourceVersion "1"]
[SourceVersionDate "2018.08.24"]
[SourceQuality "1"]

1. c4 e5 2. g3 c6 3. Bg2 Nf6 4. Nc3 Bb4 5. Nf3 e4 6. Ng5 d5 7. cxd5 cxd5 8. 0-0 Bf5 9. Qb3 Bxc3 10. Qxb7 Nbd7 11. bxc3 0-0 12. Qb3 Nb6 13. Qd1 Qd7 14. d3 h6 15. dxe4 dxe4 16. Qxd7 Nbxd7 17. Nh3 Rac8 18. Bb2 Rc6 19. Rfd1 Nb6 20. Rab1 Na4 21. c4 Nxb2 22. Rxb2 Rxc4 23. e3 Rfc8 24. Rf1 Rc1 25. Nf4 Bg4 26. Ne2 R1c2 27. Rxc2 Rxc2 28. Nd4 Rxa2 29. f3 exf3 30. Bxf3 Bh3 31. Rd1 Ng4 32. Bxg4 Bxg4 33. Rc1 Bh3 34. Rc2 Ra3 35. Nb5 Ra4 36. Rc7 a5 37. Ra7 Ra2 38. Nd4 Rg2+ 39. Kf1 Rxh2+ 40. Ke1 Ra2 41. Kd1 a4 42. Kc1 Bf1 43. Kb1 Ra3 44. Nc2 Bd3 45. Kb2 Rb3+ 46. Kc1 Bxc2 47. Kxc2 Rxe3 48. Rxa4 Rxg3 0-1

[Event "BCF-ch U10"]
[Site "Llandudno"]
[Date "2017.08.04"]
[Round "6"]
[White "Acharya, Kandara"]
[Black "Griffith, Willow"]
[Result "1/2-1/2"]
[WhiteElo "1105"]
[BlackElo "1225"]
[PlyCount "183"]
[EventDate "2017.07.30"]
[EventType "swiss"]
[EventRounds "7"]
[EventCountry "WLS"]
[SourceTitle "CBM 179 Extra"]
[Source "ChessBase"]
[SourceDate "2017.08.23"]
[SourceVersion "1"]
[SourceVersionDate "2017.08.23"]
[SourceQuality "1"]

1. e4 e5 2. Nf3 Nc6 3. Nc3 Nf6 4. d4 exd4 5. Nxd4 Bb4 6. Nxc6 bxc6 7. Bd3 d5 8. exd5 Qe7+ 9. Qe2 Qxe2+ 10. Bxe2 cxd5 11. 0-0 Bxc3 12. bxc3 0-0 13. Rb1 Re8 14. Bf3 Bf5 15. Rb2 Rab8 16. Rxb8 Rxb8 17. Bg5 Rb6 18. Bxf6 Rxf6 19. Bxd5 Bxc2 20. Bb3 Bf5 21. Re1 g6 22. h3 a6 23. Re8+ Kg7 24. Ra8 Rc6 25. Bd5 Rxc3 26. Rxa6 Rd3 27. Bc6 Rd6 28. Bb5 Rxa6 29. Bxa6 Be6 30. a4 c5 31. Kf1 Kf6 32. a5 Ke7 33. Bb7 Kd7 34. a6 Kc7 35. Ke2 Bc8 36. Bxc8 Kxc8 37. a7 Kb7 38. a8Q+ Kxa8 39. Kd3 Kb7 40. Kc4 Kc6 41. f4 h6 42. g4 Kd6 43. h4 f6 44. g5 fxg5 45. hxg5 hxg5 46. fxg5 Kc6 47. Kc3 Kd5 48. Kd3 c4+ 49. Kc3 Kc5 50. Kc2 Kd4 51. Kd2 c3+ 52. Kc2 Kc4 53. Kc1 Kd3 54. Kd1 c2+ 55. Kc1 Ke4 56. Kxc2 Kf4 57. Kd2 Kxg5 58. Ke3 Kg4 59. Kf2 Kg5 60. Ke3 Kf5 61. Kf2 Kg4 62. Ke3 Kg5 63. Kf3 Kf5 64. Kg3 Ke5 65. Kg4 Kf6 66. Kf4 g5+ 67. Kg4 Kg6 68. Kg3 Kh5 69. Kh3 Kg6 70. Kg3 Kf5 71. Kf3 Ke5 72. Kg3 Kf5 73. Kf3 g4+ 74. Kg3 Kg5 75. Kg2 Kf6 76. Kg3 Kf5 77. Kg2 Kf4 78. Kf2 g3+ 79. Kg2 Kg4 80. Kg1 Kf3 81. Kf1 Ke4 82. Kg2 Kf4 83. Kg1 Kg4 84. Kg2 Kh4 85. Kg1 Kh5 86. Kg2 Kh4 87. Kg1 Kg4 88. Kg2 Kf4 89. Kg1 Ke3 90. Kg2 Kf4 91. Kg1 Kf3 92. Kf1 1/2-1/2

[Event "BCF-ch U10"]
[Site "Llandudno"]
[Date "2017.08.03"]
[Round "5"]
[White "El Bachir, Yacine"]
[Black "Acharya, Kandara"]
[Result "0-1"]
[WhiteElo "1280"]
[BlackElo "1105"]
[PlyCount "180"]
[EventDate "2017.07.30"]
[EventType "swiss"]
[EventRounds "7"]
[EventCountry "WLS"]
[SourceTitle "CBM 179 Extra"]
[Source "ChessBase"]
[SourceDate "2017.08.23"]
[SourceVersion "1"]
[SourceVersionDate "2017.08.23"]
[SourceQuality "1"]

1. e4 c5 2. c3 Nc6 3. d4 d6 4. d5 Ne5 5. f4 Nd7 6. Nf3 g6 7. e5 Nb6 8. c4 Bg7 9. Nc3 Bd7 10. Bd3 Qc7 11. Qe2 0-0-0 12. 0-0 Bg4 13. Re1 Bxf3 14. gxf3 e6 15. exd6 Rxd6 16. f5 e5 17. Nb5 Qd7 18. Nxd6+ Qxd6 19. f4 exf4 20. Qe8+ Qd8 21. Qxd8+ Kxd8 22. Bxf4 Bxb2 23. Rab1 Bd4+ 24. Be3 Bxe3+ 25. Rxe3 Nf6 26. fxg6 fxg6 27. Rh3 Ng4 28. Bxg6 h6 29. Bf5 Ne5 30. d6 Rg8+ 31. Rg3 Rf8 32. Be6 Re8 33. Rg8 Rxg8+ 34. Bxg8 Kd7 35. Bd5 Kxd6 36. Bxb7 Nbxc4 37. Rd1+ Kc7 38. Ba6 Ne3 39. Rc1 c4 40. Rc3 Nd1 41. Rh3 c3 42. Rxh6 c2 43. Rh8 Nf3+ 44. Kf1 Kb6 45. Rh6+ Kc5 46. Bb7 Ne5 47. Rh8 Ne3+ 48. Ke2 Kc4 49. Ba6+ Kc3 50. Re8 c1Q 51. Rxe5 Qd2+ 52. Kf3 Kd4 53. Re4+ Kc3 54. Rxe3+ Kb4 55. h4 Qd5+ 56. Re4+ Ka5 57. Bc4 Qd1+ 58. Be2 Qh1+ 59. Ke3 Qh3+ 60. Kd4 Qd7+ 61. Ke3 Qg7 62. h5 Qh6+ 63. Rf4 Qe6+ 64. Re4 Qxa2 65. Re5+ Ka4 66. Bd1+ Kb4 67. Re4+ Kc3 68. Rd4 Qe6+ 69. Re4 Qb6+ 70. Kf4 Qd6+ 71. Re5 Qxd1 72. h6 Qd2+ 73. Re3+ Kd4 74. Kg5 Qxe3+ 75. Kg6 Qe7 76. h7 Qxh7+ 77. Kxh7 a5 78. Kg6 a4 79. Kf5 a3 80. Kf4 a2 81. Kg4 a1Q 82. Kf5 Qa6 83. Kg5 Qe6 84. Kf4 Qf6+ 85. Kg3 Qf5 86. Kg2 Qf4 87. Kh1 Qg4 88. Kh2 Ke3 89. Kh1 Kf2 90. Kh2 Qg2# 0-1

[Event "BCF-ch U10"]
[Site "Llandudno"]
[Date "2017.08.01"]
[Round "3"]
[White "Babber, Arjun"]
[Black "Acharya, Kandara"]
[Result "0-1"]
[WhiteElo "1067"]
[BlackElo "1105"]
[PlyCount "64"]
[EventDate "2017.07.30"]
[EventType "swiss"]
[EventRounds "7"]
[EventCountry "WLS"]
[SourceTitle "CBM 179 Extra"]
[Source "ChessBase"]
[SourceDate "2017.08.23"]
[SourceVersion "1"]
[SourceVersionDate "2017.08.23"]
[SourceQuality "1"]

1. Nf3 Nc6 2. Nc3 e5 3. e4 Nf6 4. d3 Bc5 5. Nxe5 0-0 6. Nxc6 bxc6 7. d4 Bb4 8. e5 Ne4 9. Bd2 Nxc3 10. Bxc3 Bxc3+ 11. bxc3 Re8 12. Bd3 d6 13. 0-0 dxe5 14. dxe5 Rxe5 15. Qf3 Rc5 16. c4 Ba6 17. Qe4 g6 18. Qd4 Qg5 19. f4 Qh5 20. Be2 Qf5 21. g4 Qe6 22. Qxc5 Qxe2 23. h3 Bxc4 24. Qxc6 Rd8 25. Rae1 Qxc2 26. Re8+ Rxe8 27. Qxe8+ Kg7 28. Rf2 Qb1+ 29. Kg2 Bd5+ 30. Kg3 Qg1+ 31. Kh4 Qxf2+ 32. Kg5 f6# 0-1